ARRUPE JESUIT UNIVERSITY

CORONAVIRUS -STOP THE SPREAD - CLEAN,DISINFECT,COVER

Information theory and esthetic perception (Record no. 123240)

MARC details
000 -LEADER
fixed length control field 00841cam a22002651 4500
001 - CONTROL NUMBER
control field 980458
003 - CONTROL NUMBER IDENTIFIER
control field ARRUPE
005 - DATE AND TIME OF LATEST TRANSACTION
control field 20150904143311.0
008 - FIXED-LENGTH DATA ELEMENTS--GENERAL INFORMATION
fixed length control field 740213s1966 ilua b 000 0 eng
010 ## - LIBRARY OF CONGRESS CONTROL NUMBER
LC control number 62013213 //r83
035 ## - SYSTEM CONTROL NUMBER
System control number (OCoLC)ocm00382859
040 ## - CATALOGING SOURCE
Original cataloging agency DLC
Transcribing agency DLC
Modifying agency m.c.
-- ZCU
041 1# - LANGUAGE CODE
Language code of text/sound track or separate title engfre
050 0# - LIBRARY OF CONGRESS CALL NUMBER
Classification number BH221.F84
Item number M63
082 ## - DEWEY DECIMAL CLASSIFICATION NUMBER
Classification number 001.53
300 ## - PHYSICAL DESCRIPTION
Other physical details illus.
Dimensions 24 cm.
100 1# - MAIN ENTRY--PERSONAL NAME
Personal name Moles, Abraham A.
9 (RLIN) 19330
240 10 - UNIFORM TITLE
Uniform title <a href="Théorie de l'information et perception esthètique.">Théorie de l'information et perception esthètique.</a>
Language of a work English
245 10 - TITLE STATEMENT
Title Information theory and esthetic perception
Statement of responsibility, etc [by] Abraham Moles. Translated by Joel F. Cohen.
260 ## - PUBLICATION, DISTRIBUTION, ETC. (IMPRINT)
Place of publication, distribution, etc Urbana,
Name of publisher, distributor, etc University of Illinois Press,
Date of publication, distribution, etc 1966.
300 ## - PHYSICAL DESCRIPTION
Extent 217 p.
504 ## - BIBLIOGRAPHY, ETC. NOTE
Bibliography, etc Bibliography: p. [210]-214.
650 #0 - SUBJECT ADDED ENTRY--TOPICAL TERM
Topical term or geographic name as entry element Information theory in aesthetics.
9 (RLIN) 19331
942 ## - ADDED ENTRY ELEMENTS (KOHA)
Source of classification or shelving scheme Library of Congress Classification
Koha item type Monograph ( Printed materials)
Holdings
Withdrawn status Lost status Source of classification or shelving scheme Damaged status Not for loan Collection code Home library Current library Shelving location Date acquired Total Checkouts Full call number Barcode Date last seen Price effective from Koha item type
    Library of Congress Classification     Main Collection ARRUPE LIBRARY ARRUPE LIBRARY Main Collection 04/09/2015   BH221.F84M63 46500004292 19/09/2016 04/09/2015 Monograph ( Printed materials)

 

Arrupe Library. PO Box MP320 Mt Pleasant, Harare, Zimbabwe
263 242 745411|librarian@aju.ac.zw